Remember to forget / (Record no. 100132)

MARC details
000 -LEADER
fixed length control field 00953nam a22002417a 4500
005 - DATE AND TIME OF LATEST TRANSACTION
control field 20230530153918.0
010 ## - LCCN (DPL NO)
LC control number 1617EN ENG-115174
020 ## - INTERNATIONAL STANDARD BOOK NUMBER
International Standard Book Number 9789385755323
Terms of availability 250.00
035 ## - SYSTEM CONTROL NUMBER
System control number B-650866-873
035 ## - SYSTEM CONTROL NUMBER
System control number B-664686
035 ## - SYSTEM CONTROL NUMBER
System control number EN-98706
037 ## - SOURCE OF ACQUISITION
Source of stock number/acquisition BSB
037 ## - SOURCE OF ACQUISITION
Source of stock number/acquisition DBAD/PUB
Stock number dpl
082 ## - DEWEY DECIMAL CLASSIFICATION NUMBER
Classification number N
100 ## - MAIN ENTRY--PERSONAL NAME
Personal name Puri, Neel Kamal
245 ## - TITLE STATEMENT
Title Remember to forget /
Statement of responsibility, etc by Neel Kamal Puri
260 ## - PUBLICATION, DISTRIBUTION, ETC. (IMPRINT)
Place of publication, distribution, etc New Delhi
Name of publisher, distributor, etc Speaking Tiger
Date of publication, distribution, etc 2015
270 ## - ADDRESS
Address 4381/4, Ansari Road, Daryaganj,
City New Delhi
Postal code 110002
300 ## - PHYSICAL DESCRIPTION
Extent 181p.
Dimensions 20cm(pbk)
942 ## - ADDED ENTRY ELEMENTS (KOHA)
Source of classification or shelving scheme Dewey Decimal Classification
Item type English Books
Call number suffix PUR
Classification part N
Holdings
Withdrawn status Lost status Not for loan Collection code Home library Current library Date acquired Source of acquisition Cost, normal purchase price Full call number Barcode Copy number Cost, replacement price Koha item type
      Fiction Ashok Vihar Ashok Vihar 31/05/2016 DBAD/PUB 250.00 N PUR EN-98706 1 250.00 English Books
      Fiction Ashok Vihar Ashok Vihar 06/07/2017 BPPD/EN/2016-17/AV/2016-17/455/15.02.2017/BSB/IN513/28.02.2017/06.03.2017 250.00 N PUR B-664686 1 250.00 English Books
      Fiction Bawana Bawana 06/02/2017 BPPD/EN/2016-17/289/24.11.2016/337/2.12.2016/4.1.2017 250.00 N PUR B-650870 1 250.00 English Books
      Fiction Bawana Bawana 06/02/2017 BPPD/EN/2016-17/289/24.11.2016/337/2.12.2016/4.1.2017 250.00 N PUR B-650872 1 250.00 English Books
      Fiction Central Library Central Library 06/02/2017 BPPD/EN/2016-17/289/24.11.2016/337/2.12.2016/4.1.2017 250.00 N PUR B-650866 1 250.00 English Books
      Fiction Janak Puri Janak Puri 06/02/2017 BPPD/EN/2016-17/289/24.11.2016/337/2.12.2016/4.1.2017 250.00 N PUR B-650868 1 250.00 English Books
      Fiction Narela Narela 06/02/2017 BPPD/EN/2016-17/289/24.11.2016/337/2.12.2016/4.1.2017 250.00 N PUR B-650871 1 250.00 English Books
      Fiction Patel Nagar Patel Nagar 06/02/2017 BPPD/EN/2016-17/289/24.11.2016/337/2.12.2016/4.1.2017 250.00 N PUR B-650867 1 250.00 English Books
      Fiction Sarojini Nagar Sarojini Nagar 06/02/2017 BPPD/EN/2016-17/289/24.11.2016/337/2.12.2016/4.1.2017 250.00 N PUR B-650869 1 250.00 English Books
      Fiction Shahdara Branch Shahdara Branch 06/02/2017 BPPD/EN/2016-17/289/24.11.2016/337/2.12.2016/4.1.2017 250.00 N PUR B-650873 1 250.00 English Books

© Delhi Public Library
Hit Counter
free hit counter